00656nam a2200229 a 4500001001300000003000900013005001700022008004100039020001000080082001500090100001800105245001900123260003400142500003500176505002900211650002300240700001800263902000800281942000700289952011500296999001500411nice12345678IN_TiNIC20260116011527.0050524s1961 lona grp 000 0 eng  ac10000a297.1bGAR aGaedet, Louis aMohammedanism. aLondonbBurns and Oatesc1961 aincludes index and biblioraphy2 afaith and fact books;143 aIslam-Meccan Trade1 aGaedet, Louis bSRS cBK 001040708StackRoom-aHMIbHMId2007-07-27g100.00l0o297.1 GARp02157r2007-07-27v100.00w2005-05-24yBK c2329d2329